<?xml version="1.0" encoding="UTF-8"?>
<marc:record xmlns:marc="http://www.loc.gov/MARC21/slim">
   <marc:leader>00000nam a2200000 a 4500</marc:leader>
   <marc:datafield ind1=" " ind2=" " tag="653">
      <marc:subfield code="a">Softcover / Schule</marc:subfield>
   </marc:datafield>
   <marc:datafield ind1=" " ind2=" " tag="653">
      <marc:subfield code="a">Lernen/Lernhilfen</marc:subfield>
   </marc:datafield>
   <marc:datafield ind1=" " ind2=" " tag="653">
      <marc:subfield code="a">Abiturwissen/Nachschlagewerke</marc:subfield>
   </marc:datafield>
   <marc:datafield ind1="0" ind2="0" tag="245">
      <marc:subfield code="a">Duden, Basiswissen Schule</marc:subfield>
   </marc:datafield>
   <marc:datafield ind1=" " ind2="1" tag="264">
      <marc:subfield code="a">Berlin</marc:subfield>
      <marc:subfield code="b">Dudenverlag</marc:subfield>
      <marc:subfield code="c">2010</marc:subfield>
   </marc:datafield>
   <marc:datafield ind1=" " ind2=" " tag="250">
      <marc:subfield code="a">4., neu bearb. Aufl.</marc:subfield>
   </marc:datafield>
   <marc:datafield ind1="1" ind2=" " tag="520">
      <marc:subfield code="a">Angaben aus der Verlagsmeldung

Chemie : 5. bis 10. Klasse / von Claudia Puhlfürst, Christine Ernst, Martin Schönherr, Lutz Grubert, Annett Hartmann, Horst Hennig, Günther Kauschka, Andreas Link, Ulrich Riederer, Gerd D Schmidt, Helga Simon, Holger Steps, Hartmut Vogt

Der Titel aus der Reihe „Basiswissen Schule“ umfasst alle Inhalte des Chemieunterrichts der Sekundarstufe 1 (alle Schulformen) im Medienverbund von Buch, DVD, Handy und Internet. Das Buch ist thematisch aufgebaut, Zusammenfassungen am Ende jedes Kapitels erleichtern den schnellen Überblick. Unter www.schuelerlexikon.de und auf der DVD finden Schüler mehrere Hundert zusätzliche Beiträge mit Beispielen, Videos und Animationen sowie Wissenstests zur Lernkontrolle. Ein mobiles Lexikon für Handy/Smartphone mit spickzettelartig aufbereitetem Wissen für unterwegs komplettiert das multimediale Lernkonzept.
</marc:subfield>
   </marc:datafield>
   <marc:datafield ind1=" " ind2=" " tag="020">
      <marc:subfield code="a">9783411714742</marc:subfield>
      <marc:subfield code="9">9783411714742</marc:subfield>
   </marc:datafield>
   <marc:datafield ind1=" " ind2=" " tag="020">
      <marc:subfield code="a">3411714743</marc:subfield>
      <marc:subfield code="9">3411714743</marc:subfield>
   </marc:datafield>
   <marc:datafield ind1=" " ind2=" " tag="041">
      <marc:subfield code="a">ger</marc:subfield>
   </marc:datafield>
   <marc:datafield ind1=" " ind2=" " tag="300">
      <marc:subfield code="a">368 S.</marc:subfield>
   </marc:datafield>
</marc:record>
